| 000 | 00000nam##2200000za#4500 |
| 001 | 9.667432 |
| 003 | CaOODSP |
| 005 | 20210615123523 |
| 007 | ta |
| 008 | 150407|2006||||xxc||||| f|0| 0 fre|d |
| 020 | |a0-662-49070-3 |
| 040 | |aCaOODSP|bfre |
| 041 | |aeng |
| 041 | |afre |
| 043 | |an-cn--- |
| 086 | 1 |aFs23-498/2006 |
| 110 | 1 |aCanada. |bMinistère des pêches et des océans. |
| 245 | 10|aComprendre la LEP : |bcomment les espèces aquatiques sont inscrites en vertu de la Loi sur les espèces (LEP) du Canada |
| 260 | |aOttawa - Ontario : |bPêches et Océans Canada |c2006. |
| 300 | |aTexte français, 14p. : |bphotographies ; |c21 cm. |
| 520 | 3 |aCette brochure explique brièvement comment la Loi sur les espèces en péril (LEP) protège les espèces aquatiques considérées comme étant en péril, y compris les poissons, les reptiles, les mammifères et les mollusques. Elle présente les trois organismes fédéraux chargés de l’application de la Loi ainsi que le groupe de scientifiques qui identifie les espèces en péril, et explique comment les espèces sont inscrites sur la liste et protégées. Elle parle des fausses perceptions concernant la Loi et présente des exemples de projets visant à aider à protéger les espèces en péril. |
| 563 | |aCouverture souple |
| 590 | |a07-17|b2007-04-27 |
| 691 | 07|aAnimal aquatique|2gcpds |
| 691 | 07|aEspèce menacée|2gcpds |
| 776 | 0#|tUnderstanding SARA : |w(CaOODSP)9.688228 |
| 776 | 0#|tComprendre la LEP : |w(CaOODSP)9.632660 |
| 791 | |tUnderstanding SARA : |eeng|w(CaOODSP)9.667431 |
| 986 | |aMPO/2005-484 |